000 00635nam a2200217 a 4500
001 000032866
003 DO-SdBNP
005 20231215100113.0
007 ta
008 110801s1940 dr 000 0 spa d
040 _aDO-SdBNP
_bspa
_cBNPHU
082 4 _a972.93053
_bH557b
_222
100 1 _aHernández, J. Enrique
_954948
245 1 0 _aBrevario de una gloria /
_cJ. Enrique Hernández.
260 _aSantiago, República Dominicana :
_bEl Diario,
_c1940.
300 _a126 páginas;
_c14cm.
336 _atexto
_btxt
_2rdacontent
337 _asin mediación
_bn
_2rdamedia
338 _avolumen
_bnc
_2rdacarrier
942 _2ddc
_cLBS1
999 _c32357
_d32357